Unités et grandeurs de l'informatique

Salvato in:
Dettagli Bibliografici
Autore principale: Michel Dubesset
Natura: Libro
Lingua:Undetermined
Pubblicazione: Paris O'reilly 1998
Soggetti:
Tags: Aggiungi Tag
Nessun Tag, puoi essere il primo ad aggiungerne! !
Thư viện lưu trữ: Trung tâm Học liệu Trường Đại học Cần Thơ
LEADER 00476nam a2200169Ia 4500
001 CTU_56438
008 210402s9999 xx 000 0 und d
082 |a 004 
082 |b D814 
100 |a Michel Dubesset 
245 0 |a Unités et grandeurs de l'informatique 
245 0 |c Michel Dubesset 
260 |a Paris 
260 |b O'reilly 
260 |c 1998 
650 |a information technology,information measurement 
980 |a Trung tâm Học liệu Trường Đại học Cần Thơ